000 00290nam a2200109 a 4500
005 20201002044916.0
008 140402s1971 000 spa d
100 _aPushkin, Alejandro
_971496
245 3 _aLa hija del capitan.
260 _aMadrid -- Libra,
_c1971 -- 181 p.
999 _c43155
_d43155
040 _aDO-SdBNP